000 00667nam a22002177a 4500
003 OSt
005 20140310182509.0
008 130807t xxu||||| |||| 00| 0 eng d
020 _a9780071592833 (pbk. : alk. paper)
020 _a0071592830 (pbk. : alk. paper)
050 _aRC 683.5
_b.J455 2010
100 _aJenkins, Peggy
_98955
245 _aNurse to nurse :
_bECG interpretation /
_cPeggy Jenkins
260 _aNew York :
_bMcGraw-Hill Medical,
_cc2010.
300 _axi, 321 p. :
_bill. ;
_c19 cm.
562 _e1
650 _aElectrocardiography
_98956
650 _aHeart
_xDiseases
_xNursing.
_98957
942 _2lcc
_cSSLC
_kSSLC
999 _c13885
_d13885